[Event "YUG-ch"]
[Site "Tivat"]
[Date "1994.??.??"]
[Round "6"]
[White "Barlov, Dragan"]
[Black "Drasko, Milan"]
[Result "0-1"]
[WhiteElo "2500"]
[BlackElo "2500"]
[Annotator "Hansen,Cu"]
[PlyCount "58"]
[EventDate "1994.03.??"]
[EventType "tourn"]
[EventRounds "13"]
[EventCountry "YUG"]
[EventCategory "10"]
[SourceTitle "CBM 043"]
[Source "ChessBase"]
[SourceDate "1994.12.01"]
[SourceVersion "1"]
[SourceVersionDate "1994.12.01"]
[SourceQuality "1"]

1. e4 e6 2. Nc3 d5 3. Nf3 Nf6 4. e5 Nfd7 5. d4 c5 6. dxc5 Nc6 7. Bf4 Bxc5 8.
Bd3 f6 (8... Nb4 9. O-O Nxd3 10. Qxd3 Be7 11. Nd4 Nf8 12. Bg3 a6 13. f4 g6 14.
Bf2 Bd7 15. Rad1 Qa5 16. a3 Rc8 17. Kh1 h5 18. Nb3 Qd8 19. Bd4 Bc6 20. Qe3 Nd7
21. Nd2 b5 22. Nf3 Bb7 23. b4 $16 {Mason,Ja-Lee,F/London (20) 1899/0-1 (60)}) (
8... Qb6 9. O-O Qxb2 (9... Be7 10. Re1 a6 11. a3 h6 12. h4 Nc5 13. b4 Nxd3 14.
Qxd3 Qd8 15. h5 Bd7 16. Na4 Nb8 17. Nc5 Bb5 18. Qe3 Qc8 19. Nb3 Nc6 20. Nfd2
Qc7 21. a4 Bc4 22. c3 Bxb3 23. Nxb3 $14 {Knezevic,M-Raicevic,V/Majdanpek 21/
181 1976/1-0 (33)}) 10. Nb5 Bb6 11. Bd2 d4 12. Rb1 Qxa2 13. Bc4 Qxb1 14. Qxb1
O-O 15. Re1 Bc5 16. c3 dxc3 17. Nxc3 Nb6 18. Ng5 g6 19. Qe4 Be7 20. Qh4 h5 21.
Be2 Kg7 22. Bf3 Bd7 23. Bxc6 bxc6 24. Nxe6+ Bxe6 25. Qxe7 Nd7 26. Qg5 Rh8 27.
Ne4 Rab8 28. Nf6 Nc5 29. Be3 Nd3 30. Rd1 Bf5 31. e6 Ne5 32. Bd4 Rhd8 33. Nd7 {
1-0 Carretero,F-Carrasco,JM/ESP-chT 1993}) (8... Be7 9. O-O (9. a3 Nc5 10. Ne2
Bd7 11. O-O O-O 12. Ned4 Nxd3 13. Qxd3 Rc8 14. Rfe1 a6 15. Nxc6 Rxc6 16. Nd4
Rc4 17. b3 Rc8 18. Re3 Qa5 19. Rh3 g6 20. Bd2 Qc7 21. Qe3 f5 22. Rxh7 Kxh7 23.
Qh6+ Kg8 24. Qxg6+ Kh8 25. Re1 f4 26. h3 Bc5 {1/2-1/2 Chekhover,V-Chistiakov,A/
URS-ch11 Leningrad (02) 1939}) 9... Nc5 (9... g5 10. Bg3 g4 11. Ne1 Ndxe5 12.
Qe2 Bf6 13. Rd1 O-O 14. Bb5 Qb6 15. Bxc6 Nxc6 16. Qxg4+ Bg7 17. Nd3 d4 18. Nb1
Qa5 19. Nd2 Qxa2 20. Nb3 Qa4 21. Bd6 Rd8 22. Qg3 Qb5 23. Rfe1 $16 {Zimmermann,
F-Heinicke,H/BL 8081 FH Hamburg-Mainz [8] 1981/1-0 (33)}) 10. Qd2 O-O (10...
Nxd3 11. cxd3 O-O 12. a3 Na5 13. Qc2 Bd7 14. b4 Nc6 15. Qb2 f6 16. Bg3 fxe5 17.
Nxe5 Bf6 18. Nxd7 Qxd7 19. Rac1 Rac8 20. Qa2 Nd4 21. Ne2 Nf5 22. Qd2 Nxg3 23.
hxg3 Kh8 24. Rfe1 $10 {Rogers,C-Mastrorilli,N/Mendrisio open (05) 1989/1-0 (42)
}) 11. a3 (11. Rfe1 Nxd3 12. Qxd3 f6 13. exf6 Bxf6 14. Bg3 Bd7 15. a3 a6 16.
Ne2 Qa5 17. c4 Bxb2 18. Rab1 Rf5 19. Rxb2 Rxf3 20. gxf3 Qxe1+ 21. Kg2 Nd8 22.
cxd5 exd5 23. Qxd5+ Be6 24. Qe4 Bf7 25. Rb1 $10 {Motwani,P-Gronn,A/Gausdal
Troll (3) 1992/1/2-1/2 (41)}) 11... a6 12. b4 Nxd3 13. cxd3 f5 14. exf6 gxf6
15. d4 Kh8 16. Rfe1 Bd7 17. Bg3 Rc8 18. Ne2 Qe8 19. Qh6 Qf7 20. Nf4 Rg8 21. Bh4
Rcf8 22. Ra2 Bd6 23. Rae2 Nd8 24. Bg3 Bb8 {#} 25. Nxd5 Bxg3 26. hxg3 $15 {
Pandavos,P-Voiska,M/Katerini GP-2 1992/0-1 (36)} Bb5) (8... a6 9. O-O f6 (9...
Qc7 10. Re1 (10. Bg3 Ndxe5 11. Nxe5 Nxe5 12. Nxd5 exd5 13. Qh5 Bg4 14. Qxg4
Nxg4 15. Bxc7 O-O 16. h3 Nf6 17. Rfe1 Rfe8 18. Bf4 Rxe1+ 19. Rxe1 Re8 20. Rxe8+
Nxe8 21. c3 Kf8 22. Kf1 g6 23. Ke2 Ke7 24. b4 Bd6 25. Bxd6+ Nxd6 $14 {Lombardy,
W-Yumol,R/New York op (07) 1994/1-0 (45)}) 10... Bb4 11. Bg3 d4 12. Ne4 Bxe1
13. Nd6+ Kf8 14. Qxe1 h6 15. Qe4 Nc5 16. Qf4 Nxd3 17. cxd3 g5 18. Qe4 Qb6 19.
h4 Qxb2 20. Re1 Nd8 21. hxg5 hxg5 22. Nxg5 Qd2 23. Bf4 Qa5 24. Rc1 Bd7 25. Qf3
Bc6 26. Nxe6+ Ke7 27. Bg5+ Kxe6 28. Qf5+ {1-0 Roth,P-Fusi,C/Wien op (03) 1990})
10. exf6 Nxf6 11. Ne5 O-O 12. Bg3 Qe7 (12... Nxe5 13. Bxe5 Bd7 14. Qe2 Be8 15.
Bg3 Bf7 16. Bh4 Re8 17. Qf3 e5 18. Bf5 e4 19. Qh3 g6 20. Bg4 Qd6 21. Rad1 Nxg4
22. Qxg4 Qc6 23. Rfe1 Kg7 24. Bg5 $15 {Rogers,Cathy-Ladanyine Karakas,Eva/Biel
open-W (05) 1991/1/2-1/2 (81)}) 13. Qe2 Nd4 14. Qd2 Nh5 15. Kh1 Nxg3+ 16. fxg3
Bd7 17. Rf4 Qd6 18. Re1 Nc6 19. Nxd7 Qxd7 20. Rh4 g6 21. Qh6 Rf6 22. Rf4 Raf8
23. Qg5 Rxf4 24. gxf4 Qf7 25. g3 e5 26. Bf1 Be7 27. Qg4 d4 28. fxe5 Nxe5 29.
Qxd4 Nf3 30. Qe4 Nxe1 31. Bc4 Qxc4 32. Qxc4+ Kg7 33. Qe2 {1-0 Letay-Godel/
Budapest open 1989}) (8... h6 9. Bg3 (9. h4 a6 10. O-O b5 11. h5 Bb6 12. a3 Nc5
13. b4 Nxd3 14. cxd3 Bb7 15. d4 Rc8 16. Qd3 O-O 17. Ne2 Qe7 18. Nc1 a5 19. Nb3
axb4 20. Qxb5 Bd8 21. Nc5 Nxd4 22. Nxd4 Rxc5 23. Qxb4 Ba5 $15 {Appleberry,
M-Apicella,M/Clichy op (9) 1991/0-1 (36)}) 9... a6 10. O-O b5 (10... g5 11. h3
h5 12. Re1 g4 13. hxg4 hxg4 14. Nh2 Qg5 15. Qxg4 Qxg4 16. Nxg4 Rg8 17. Be2 Nd4
18. Bd1 Nxc2 19. Bxc2 Rxg4 20. Ne2 b5 21. Bd3 Bb7 22. Kf1 O-O-O 23. Rac1 $10 {
Buchenau,F-Putzbach,G/2.BLN 9091 SF Hamburg-SF Hannover [3] 1991/1-0 (52)}) 11.
Re1 O-O 12. Ne2 b4 13. c3 bxc3 14. bxc3 a5 15. Nf4 Ba6 16. Bc2 Rc8 17. Qd2 Re8
18. Nh5 Bf8 19. Rac1 Ne7 20. Nd4 Nc5 21. Bh4 Qd7 22. Bxe7 Qxe7 23. Re3 Red8 24.
Rg3 Kh8 25. Qf4 Nd7 26. Ba4 Nxe5 27. Qxe5 Qc7 28. Qe3 e5 29. Nf3 e4 30. Qd4
exf3 31. Rxg7 Qc5 32. Qg4 Rd6 33. Rg8+ Kh7 34. Bc2+ {1-0 Gufeld,E-Spassky,B/
URS-ch27 Leningrad (13) 1960}) (8... f5 9. Bxf5 exf5 10. Qxd5 Ne7 11. Qd3 Bb6
12. O-O-O Nc5 13. Qc4 Qc7 14. Nb5 {1-0 Edocs,J-Gorla,L/Bern op (8) 1991}) 9.
exf6 Qxf6 (9... Nxf6 10. O-O (10. Qd2 Bd6 11. Bxd6 Qxd6 12. Rd1 Bd7 13. O-O O-O
14. Rfe1 Rae8 15. h3 a6 16. Bf1 b5 17. a3 Re7 18. Ne4 Nxe4 19. Rxe4 Be8 20. Rh4
h6 21. a4 bxa4 22. c4 Nb4 23. c5 {1-0 Zhuravliov,V-Kupruks,R/LAT-ch Riga 1993})
10... O-O 11. Ne5 (11. Qe2 Bd7 (11... Nh5 12. Bg5 Qe8 (12... Nf4 13. Qd2 Qd6
14. Nb5 Qb8 15. Bxf4 Rxf4 16. Rae1 a6 17. Nc3 Qd6 18. Qe2 {1/2-1/2 Kaeser,
U-Wintzer,J/Sankt Augustin (09) 1990}) 13. Rae1 Qf7 14. Ne5 Nxe5 15. Qxe5 Bd7
16. Be3 Be7 17. Ne2 a6 18. c4 Rac8 19. b3 Rc6 20. Qb2 Bd6 21. Nd4 Rc7 22. Nf3
Nf6 23. Bd4 Rcc8 24. h3 b5 25. cxb5 axb5 26. Ng5 Qe7 27. Qe2 $14 {Pandavos,
P-Moutousis,K/GRE-ch (09) 1994/1/2-1/2 (55)}) 12. Rae1 (12. Rad1 a6 13. Na4 Ba7
14. c4 e5 15. cxd5 Nd4 16. Nxd4 Bxd4 17. Bc2 Bb5 18. Qd2 Bxf1 19. Rxf1 b5 20.
Bg5 bxa4 21. Qd3 Qd7 {0-1 Rigo,J-Gulko,B/Rome 1988}) 12... Qe7 13. Ne5 Rae8 14.
Bg3 (14. Kh1 Nxe5 15. Bxe5 Bc6 16. Nb5 Nd7 17. f4 Nxe5 18. Qxe5 Qf6 19. Nc7
Qxe5 20. Rxe5 Bd6 21. Nxe8 Bxe5 22. fxe5 Rxf1+ 23. Bxf1 Bxe8 24. Bd3 Kf7 25.
Kg1 h6 26. Kf2 Ke7 $14 {Garcia,G-Alvarez Ibarra,DR/Capablanca mem-B (03) 1993/
1/2-1/2 (45)}) 14... a6 15. Kh1 Nxe5 16. Bxe5 Bc6 17. a3 g6 18. b4 Bb6 19. b5
axb5 20. Nxb5 Ne4 21. f3 Qg5 22. Bd4 Bxd4 23. Nxd4 Nc5 24. Bb5 Bxb5 25. Qxb5
Qe7 26. Re2 Qd6 27. Rfe1 e5 28. Qb2 e4 $15 {Zimmermann,F-Meyer,H/2.BLW 9192
Delmenhorst-FTG Frankfurt II [7] 1991/1/2-1/2 (44)}) (11. Bg5 Bd7 12. a3 a6 13.
Bh4 Qc7 14. Re1 Bd6 15. Qe2 Rae8 16. Rad1 Kh8 17. Qd2 Bf4 18. Qe2 Bd6 19. Qd2
Ne5 20. Nxe5 Bxe5 21. Bg3 Bxg3 22. hxg3 e5 23. Rf1 Bc6 24. Rde1 Qb6 25. Nd1 e4
$15 {Tolnai,T-Farago,I/Budapest Noviki-A (7) 1990/0-1 (45)}) (11. Bg3 Bd6 (
11... a6 12. Qd2 b5 13. a3 Nh5 14. Rae1 Nxg3 15. hxg3 Qf6 16. Qg5 Nd4 17. Qxf6
gxf6 18. Rd1 Nxf3+ 19. gxf3 Bb7 20. Rfe1 Rae8 21. Bf1 Kf7 22. Be2 h5 23. f4 Rh8
24. Bf3 f5 25. Kg2 h4 26. Rh1 $10 {Matychenkov,V-Moskalenko,V/URS-chT Podolsk
1990/1/2-1/2 (66)}) 12. Bxd6 Qxd6 13. Nb5 Qf4 14. g3 Qh6 15. c4 dxc4 16. Bxc4
Ng4 17. Nh4 Nge5 18. Be2 Qf6 19. Qa4 g5 20. Ng2 Nf3+ 21. Bxf3 Qxf3 22. Rae1 e5
23. Re3 Qf7 24. h4 Bh3 25. Kh2 Bxg2 26. Kxg2 gxh4 27. gxh4 $13 {Sikora
Gizynska,Bozena-Berntsen,Sheila/Novi Sad ol-W (02) 1990/0-1 (62)}) (11. Qd2 Bd6
(11... Qe8 12. Rae1 Bd7 13. a3 Qh5 14. b4 Bb6 15. Bd6 Ng4 16. b5 Rxf3 17. gxf3
Nge5 18. Be2 Nd4 19. Bxe5 Qxe5 20. f4 Qf6 21. Na4 Bxb5 22. Nxb6 Bxe2 23. Qe3
Qg6+ 24. Qg3 axb6 {0-1 Rigo,J-Klinger,J/Wien op 1986}) (11... a6 12. a3 Bd6 13.
Bxd6 Qxd6 14. Rae1 Bd7 15. Re2 Ng4 16. Rfe1 Rxf3 {(1.10/0.48) 0-1 Muri,
E-Praznik,A/Bled op (7/24) 1992}) 12. Bxd6 Qxd6 13. Nb5 Qb8 14. c4 a6 15. cxd5
exd5 16. Nbd4 Nxd4 17. Nxd4 Ng4 18. f4 Nh6 19. Qc2 Qa7 20. Bxh7+ Kh8 21. Qd3
Bd7 22. Kh1 Rf6 23. Rad1 Raf8 24. g3 Qb6 25. Qc2 Ng4 26. Nf3 $15 {Buchenau,
F-Hartmann,We/2BLN 8889 Bad Schwartau-Hannover [7] 1988/1/2-1/2 (62)} Ne3)
11... Bd7 (11... Bd6 12. Qe2 a6 13. Rae1 Qc7 14. Bg3 b5 15. Nb1 Re8 16. Nd2
Nxe5 17. Bxe5 Bxe5 18. Qxe5 Qxe5 19. Rxe5 Nd7 20. Re2 e5 21. Rfe1 g6 22. f3 Bb7
23. Nf1 Re7 24. c3 Rae8 25. Bc2 Kf8 26. Bb3 $10 {Aleksic,N-Vaiser,A/Roma op (3)
1990/0-1 (71)}) (11... Nxe5 12. Bxe5 Bd7 13. Qe2 a6 14. a3 Qb6 15. Kh1 Rae8 16.
f4 Bc6 17. Rae1 Rf7 18. Nd1 Ne4 19. c3 Rd8 20. Qg4 Re8 21. Rf3 Bd6 22. Bxd6
Nxd6 23. Rxe6 Rxe6 24. Qxe6 Ne4 25. Re3 Qb3 26. Re1 Bd7 27. Qe5 Rf5 28. Qe7 Bc6
29. Qe6+ {1-0 Rogers,Ian-Calderwood,Stephen/London LB (02) 1991}) (11... Qe8
12. Bg3 Nh5 13. Nxc6 Nxg3 14. hxg3 bxc6 15. Qe2 e5 16. Rad1 a5 17. Na4 Ba7 18.
c4 e4 19. Bc2 Qg6 20. c5 Bg4 21. f3 exf3 22. gxf3 Bf5 23. Bxf5 Qxg3+ 24. Qg2
Qxg2+ 25. Kxg2 Rxf5 26. Rd3 $17 {Terentiev,A-Serafimov,D/RUS-sf Perm 1993/0-1 
(36)}) 12. Nxc6 (12. Bg3 Be8 13. a3 a5 14. Nb5 Nxe5 15. Bxe5 Bxb5 16. Bxb5 Ne4
17. Qg4 Qe7 18. Bg3 h5 19. Qh3 Rf6 20. Bd3 Nxg3 21. hxg3 Qf7 22. Kh2 Bxf2 23.
Rad1 g6 24. c4 Kg7 25. cxd5 exd5 26. Be4 h4 27. gxh4 $13 {Lida,Fidel-Egger,
Fernando/Buenos Aires FMDA tt (07) 1990/1-0 (44)}) (12. Qe2 Nd4 13. Qd2 Be8 14.
Be3 Qb6 15. b4 Qxb4 16. Rab1 Qa5 17. Rxb7 Rc8 18. Ne4 Qxd2 19. Nxd2 Bc6 20. Rb2
Nd7 21. Nxd7 {1/2-1/2 Motwani,P-Webster,A/Gausdal Troll (1) 1992}) 12... Bxc6
13. Qe2 Qe7 (13... Ne4 14. g3 Nxf2 (14... e5 15. Nxe4 dxe4 16. Bc4+ Kh8 17.
Rad1 Qe7 18. Be3 {1/2-1/2 Vogelmann,P-Schaefer,Ma/2BLW 8889 Münster-Monheim [3]
1989}) 15. Rxf2 Bxf2+ 16. Kxf2 Qb6+ 17. Kg2 e5 18. Qh5 h6 19. Bxe5 Qe3 20. Qg6
Rf2+ {0-1 Vogt,L-Farago,I/Kecskemet 27/246 1979}) 14. Rae1 Rae8 15. Bg3 a6 16.
a3 Qf7 17. b4 Bd4 18. Be5 Bxe5 19. Qxe5 Nd7 20. Qg3 e5 21. f3 Qf4 22. Qxf4 Rxf4
23. Rf2 g6 24. Rd2 Nb6 25. Rde2 Nd7 $14 {Spassky,B-Petrosian,T (19)/Moscow-Wch
1966/1-0 (68)}) 10. Bg3 (10. Bg5 Qf7 11. O-O (11. Bh4 Qh5 12. Bg3 a6 13. Qe2
Nf6 14. Na4 Nd4 15. Nxd4 Bxd4 16. c3 Ba7 17. b4 O-O 18. Bd6 Rf7 19. Nc5 Qxe2+
20. Kxe2 b6 21. Nb3 e5 22. Bxe5 Re7 23. f4 Ng4 24. Kd2 Nxe5 25. fxe5 Rxe5 $14 {
Maier,C-Zier,L/FRG-qual (Süd) 1986/1-0 (46)}) 11... O-O 12. Bh4 Qh5 13. Bg3 Nf6
14. a3 Kh8 15. Re1 Bd7 16. Nb5 Rac8 17. c3 Ng4 18. Nbd4 e5 19. Nxe5 Nxd4 20.
cxd4 Bxd4 21. Nxg4 Bxg4 22. Be2 Bxe2 23. Qxd4 b6 24. Be5 Rf7 25. Qxd5 Rf5 26.
Bxg7+ Kxg7 27. Qd7+ Rf7 28. Qxc8 Bg4 29. Qc3+ Kg6 30. h3 Bd7 31. Rad1 {1-0
Dankert,P-Krauseneck,P/BL 8182 Markth'feld-Porz [5] 1982}) 10... O-O 11. O-O
Nd4 (11... h6 12. Qd2 Bb4 13. a3 Be7 14. Rfe1 a6 15. Re2 Nc5 16. Ne5 Nxe5 17.
Bxe5 Qf7 18. Rae1 Bg5 19. Qd1 Bf4 20. Bxf4 Qxf4 21. g3 Qf6 22. Qd2 Bd7 23. Re5
Bc6 24. f4 Rae8 25. Qe3 d4 26. Qxd4 $14 {Matychenkov,V-Galanov,B/URS-chT 1988/
1-0 (44)}) (11... a6 12. Qe2 Nd4 13. Nxd4 Bxd4 14. Rae1 Nc5 15. Be5 Bxe5 16.
Qxe5 Bd7 (16... Qxe5 17. Rxe5 Bd7 18. Rd1 Rac8 19. Bf1 Kf7 20. f4 Rfd8 21. g3
Na4 22. Nxa4 Bxa4 23. Bh3 Rxc2 24. Bxe6+ Kf6 25. g4 Rxb2 26. g5+ Kg6 27. Rd4
Bc6 28. h4 Rf8 29. f5+ Kh5 30. f6 gxf6 31. gxf6+ Kg6 32. Rf5 Re2 33. Rg4+ Kh6
34. f7 Rxe6 {time 0-1 Zhuravlev,V-Mann,C/BL 1994}) 17. Qg3 Rae8 18. Re5 Bc6 19.
f4 Nd7 20. Ree1 Qd4+ 21. Kh1 Nc5 22. Rd1 Qb4 23. Rb1 Nxd3 24. cxd3 Rf6 25. a3
Qb6 26. Qe1 $15 {Sikora Gizynska,Bozena-Peng Zhaoqin/Novi Sad ol-W (04) 1990/
0-1 (57)}) (11... g6 12. Qe2 Nb6 13. Rae1 a6 14. Ne5 Bd4 15. Nd1 Re8 16. Ng4
Qf8 17. c3 Bg7 18. f4 Bd7 19. h4 Qe7 20. Ndf2 Qc5 21. h5 gxh5 22. Ne5 Nxe5 23.
fxe5 Bb5 24. Kh2 Rf8 25. Qxh5 Bxd3 26. Nxd3 $14 {Kaeser,U-Meyer,P/Sankt
Augustin (04) 1990/1-0 (40)}) 12. Nd2 $6 (12. Nxd4 Bxd4 13. Qh5 g6 14. Qe2 a6
15. Rae1 Nc5 {= Rogers,I-Drasko,M/Tallinn 39/(361) 1985}) 12... a6 13. Na4 Ba7
14. c4 {/\cxd5 >< Pd5} b5 15. cxd5 $2 bxa4 16. Ne4 Qh6 17. dxe6 Nxe6 (17...
Qxe6 $2 18. Ng5) 18. Nd6 {/\Bc4/Be4} Ndc5 $19 19. Bc4 Bd7 20. b4 axb3 21. axb3
{/\b4, >< e6, >< d7} Rab8 22. Qe1 {/\b4} Rxb3 23. Bxb3 Nxb3 24. Rxa6 Bd4 25.
Qe2 Nbc5 26. Ra7 Bc6 {/\Ne4} 27. Qg4 Qf6 {>< Pf2} (27... Ne4 28. Re7 Nxg3 29.
hxg3 Bd5 $15) 28. Ra2 g6 29. Qd1 Qg5 {/\Qd5 -+} 0-1

[Event "EU-ch 17th"]
[Site "Gjakova"]
[Date "2016.05.23"]
[Round "11"]
[White "Areshchenko, Alexander"]
[Black "Svane, Rasmus"]
[Result "1-0"]
[WhiteElo "2667"]
[BlackElo "2526"]
[Annotator "Havasi,G"]
[PlyCount "59"]
[EventDate "2016.05.12"]
[EventType "swiss"]
[EventRounds "11"]
[EventCountry "KOS"]
[SourceTitle "CBM 173"]
[Source "ChessBase"]
[SourceDate "2016.07.12"]
[SourceVersion "1"]
[SourceVersionDate "2016.07.12"]
[SourceQuality "1"]

1. e4 e6 2. d4 d5 3. Nc3 Nf6 4. e5 Nfd7 5. f4 c5 6. Nf3 Be7 7. Be3 O-O 8. dxc5
Nc6 9. Qd2 Nxc5 10. O-O-O a6 11. Kb1 Qc7 12. g4 (12. Qf2 b6 13. Nd4 Bb7 14. Bd3
Rac8 15. Rhe1 Nxd3 16. Rxd3 b5 17. Nxc6 Bxc6 18. Ne2 d4 19. Nxd4 Be4 $13 {
1/2 (39) Jakovenko,D (2741)-Lysyj,I (2617) Khanty-Mansiysk 2012}) 12... b5 13.
Bxc5 (13. Qf2 {was also possible.}) 13... Bxc5 14. Bd3 b4 (14... f6 15. exf6
Rxf6 16. f5 {with very unclear play.}) 15. Ne2 a5 (15... Bd7 16. Ng5 h6 17. Nh7
Rfc8 18. g5 {is the same motif.}) 16. Ng5 h6 17. Nh7 Rd8 18. g5 hxg5 19. Nxg5
Qb6 (19... a4 20. Qe1 b3 21. cxb3 axb3 22. a3 Bxa3 23. bxa3 Qe7 {was an
interesting counter-chance.}) 20. Qe1 $1 b3 21. cxb3 Bf2 22. Qf1 Nb4 23. Nc3 (
23. Qh3 $18) 23... a4 24. Qh3 axb3 25. a3 Na2 26. Nb5 Ba6 27. Qh5 Qb7 28. Nd6
Qc7 29. Qh7+ Kf8 30. Nxe6+ 1-0

[Event "FRA-ch"]
[Site "Narbonne"]
[Date "1997.08.25"]
[Round "10"]
[White "Chabanon, Jean Luc"]
[Black "Lepelletier, Benoit"]
[Result "0-1"]
[WhiteElo "2455"]
[BlackElo "2480"]
[Annotator "Hecht,H"]
[PlyCount "96"]
[EventDate "1997.08.15"]
[EventType "tourn"]
[EventRounds "15"]
[EventCountry "FRA"]
[EventCategory "9"]
[SourceTitle "CBM 061"]
[Source "ChessBase"]
[SourceDate "1997.11.23"]
[SourceVersion "1"]
[SourceVersionDate "1997.11.23"]
[SourceQuality "1"]

1. d4 e6 2. e4 d5 3. Nc3 Nf6 4. e5 Ne4 5. Nxe4 dxe4 6. Be3 c5 7. Bb5+ (7. Ne2
Qb6 8. Nc3 Nc6 9. Bb5 Bd7 10. d5 Nxe5 11. Qh5 Bxb5 12. Qxe5 f6 13. Qxe4 e5 14.
f4 Bd6 15. O-O-O O-O 16. f5 Bd7 17. g4 Qc7 18. Rhg1 Rae8 19. Kb1 b5 20. Qg2 c4
21. Ne4 b4 {Manca,F-Landenbergue,C/Reggio Emilia9192-B 1991/EXT 91/1-0 (47)}) (
7. c3 cxd4 8. Qxd4 Qxd4 9. Bxd4 Nc6 10. Bb5 Bd7 11. Bxc6 Bxc6 12. Ne2 Be7 13.
Nf4 Bd7 {1/2-1/2 Hadraba,V-Vavra,J/CZE-chT2 1995/EXT 95ch}) 7... Bd7 8. Bxd7+
Nxd7 9. Ne2 cxd4 (9... Qc7 10. Nc3 cxd4 11. Qxd4 Qxe5 12. Qxe4 Qxe4 13. Nxe4
Rc8 14. c3 Nc5 15. Nxc5 Bxc5 16. Bxc5 Rxc5 17. Rd1 Re5+ 18. Kd2 Ke7 19. Rhe1
Rh5 20. h3 Ra5 21. a3 Rf5 22. Re2 Rc8 23. Kc2 Rg5 24. g3 {Csom,K-Csaba,A/
HUN-chT2 1994/TD 94\03/0-1 (55)}) 10. Qxd4 Qa5+ 11. Nc3 Bc5 12. Qxe4 Bxe3 13.
fxe3 Qxe5 14. O-O-O Qxe4 15. Nxe4 Ke7 16. Nd6 Nc5 17. b4 Na4 18. Rhf1 f6 19.
Rd3 a5 20. Rf4 axb4 21. Rc4 Rhd8 22. Rc7+ Kf8 23. Nxb7 Rxd3 24. cxd3 Kg8 25. e4
Nc3 26. Nc5 Rxa2 27. Nxe6 Rxg2 28. h4 h5 29. Rb7 Kh7 30. Nf8+ Kh6 31. e5 Rf2
32. e6 Re2 33. Rb8 Na2+ 34. Kd1 Nc3+ 35. Kc1 g5 36. Rxb4 Na2+ 37. Kd1 Nc3+ 38.
Kc1 Kg7 39. Nd7 Na2+ 40. Kd1 Nc3+ 41. Kc1 g4 42. Rf4 Na2+ 43. Kd1 Nc3+ 44. Kc1
Rxe6 45. Kd2 Nd5 46. Rf5 Ne3 47. Rxf6 Rxf6 48. Nxf6 {[#] This is a hidden
king-and-pawn ending. By a small trick with the knight, Black achieves a won
pawn ending. In order to maintain the c-pawn, the White king has to leave the
square of the g-pawn. All the same, the loss of the c-pawn doesn't
automatically lead to a loss. Notice the little stalemate-joke in this
harmless pawn ending! [#] Dies ist ein verkapptes Bauernendspiel, Mit einem
kleinen Springertrick verschafft sich Schwarz ein gewonnenes Bauernendspiel.
Um den c-Bauern zu behaupten müßte sich der weiße König aus dem Quadrat des
g-Bauern begeben. Immerhin führt selbst der Verlust des c-Bauern nicht
automatisch zum Verlust. Man beachte den kleinen Pattwitz in diesem harmlosen
Bauernfinale!} Nc4+ (48... Nf5 49. Nxh5+ Kh6 50. Nf4 Nxh4 $11) (48... Kxf6 49.
Kxe3 Ke5 50. d4+ Kd5 51. Kd3 Kd6 52. Ke4 Ke6 53. Kd3 $11) (48... Nc4+ 49. dxc4
(49. Kc3 Kxf6 50. Kxc4 g3 $19) 49... Kxf6 50. Kd3 Kf5 51. Ke3 Ke5 52. Kd3 Kf4
53. c5 Ke5 54. Kc4 (54. Ke3 Kd5 55. Kd3 Kxc5 56. Ke3 Kd5 57. Kd3 Ke5 58. Ke3
Kf5 59. Kf2 Ke4 (59... Kf4 60. Kg2 g3 61. Kh3 Kf3 {patt}) 60. Kg2 (60. Ke2 g3)
(60. Kg3 Ke3 61. Kg2 Kf4 62. Kh2 Kf3 $19)) 54... g3 $19) 0-1

[Event "FIDE-Wch k.o."]
[Site "Moscow"]
[Date "2001.11.28"]
[Round "1.2"]
[White "Luther, Thomas"]
[Black "Volkov, Sergey"]
[Result "1-0"]
[WhiteElo "2604"]
[BlackElo "2578"]
[Annotator "Hecht,H"]
[PlyCount "131"]
[EventDate "2001.11.27"]
[EventType "k.o."]
[EventRounds "7"]
[EventCountry "RUS"]
[SourceTitle "CBM 086"]
[Source "ChessBase"]
[SourceDate "2002.02.05"]
[SourceVersion "1"]
[SourceVersionDate "2002.02.05"]
[SourceQuality "1"]

1. e4 e6 2. d4 d5 3. Nc3 Nf6 4. e5 Nfd7 5. f4 c5 6. Nf3 Nc6 7. Be3 a6 8. Qd2 b5
9. a3 Bb7 10. Bd3 Qb6 11. Qf2 c4 12. Be2 Ne7 13. O-O h5 14. Qe1 Nf5 15. Bf2 Be7
16. Qd2 Nb8 17. Nd1 Nc6 18. c3 Na5 19. Rb1 Nb3 20. Qe1 a5 21. Ne3 Nxe3 22. Bxe3
b4 23. axb4 axb4 24. Nd2 Nxd2 25. Bxd2 Ra2 26. f5 exf5 27. Rxf5 Bc8 28. Rf1 Bg4
29. Bxg4 hxg4 30. Qg3 Qg6 31. cxb4 Bh4 32. Qf4 O-O 33. Bc3 Rfa8 34. g3 Be7 35.
Qd2 Rb8 36. Ra1 Rxa1 37. Rxa1 Kh7 38. h3 gxh3 39. Kh2 Qf5 40. Ra7 Bg5 41. Qe2
Rb6 42. Ra1 Be7 43. Rf1 Qe6 44. Qh5+ Kg8 45. Ra1 Rb8 46. Ra5 g6 47. Qxh3 Bxb4
48. Bxb4 Qxh3+ 49. Kxh3 Rxb4 {[#]} 50. Rxd5 Rxb2 51. Rc5 Rc2 ({Angesichts der
nun folgenden Einschließung des Königs kam, was man freiwillig selten gern
macht, das Opfer des Bc4 in Frage, um Turm und König besser zu positionieren} 
51... Rd2 $5 52. Rxc4 Kf8 53. Kg4 Ke7 54. Kf4 Rd3 {[%csl Rg3]} (54... Ke6 $6
55. Ke4 Re2+ 56. Kf3 Rd2 57. Ke3 Rg2 58. g4 {[%csl Gg4][%cal Rd4d5]} Rg3+ {
mit Widerstand} (58... Ke7 59. d5)) 55. g4 Rd1 56. Ke3 Re1+ 57. Kd3 Rd1+ 58.
Ke2 Rg1 59. d5 Rg3 {[%cal Gg3a3] mit wenigstens hinhaltendem Widerstand wegen
der Königssperre, obwohl Weiß fraglos Möglichkeiten hat wie:} 60. d6+ Ke6 61.
Rd4 Kd7 62. Rf4 Ke8 (62... Ke6 63. Rf6+ Kxe5 64. d7 Kxf6 65. d8=Q+ Kg7 {
mit ungeklärten Fragen. Kann sich der Turm auf der 3. Reihe halten bzw. kann
er das Feld e6 bzw. nach weißem g5 das Feld f5 erreichen? Analytiker an die
Front!})) 52. Rc8+ Kg7 53. d5 Rd2 54. d6 Rd4 55. Kg2 g5 (55... Kh6 $5 {[%csl
Re5][%cal Yh6g5,Yg5f5]}) 56. Kf3 Kg6 $6 {Der vorletzte Fehler?!} (56... f6 $1
57. e6 (57. Rxc4 $2 Rxc4 58. e6 Kf8 $19) 57... g4+ $1 58. Kf2 Rd2+ 59. Ke3 Rxd6
$11) 57. g4 {[%csl Gf5,Gf6,Gf7,Gg5,Gh5]} c3 $2 {Der letzte Fehler! Zur letzten
Chance 57...f6 bitte Analytiker auf den Plan! Was ich sehe, ist interessant
genug, vielleicht nicht erschöpfend....} (57... f6 $5 58. Rxc4 Rxc4 (58... Rd5
59. Ke4 Rxe5+ 60. Kd4 Kf7 61. Rc5 $1 Re1 (61... Ke6 62. Rxe5+ fxe5+ 63. Kc5 Kd7
64. Kd5 e4 65. Kxe4 Kxd6 66. Kf5 $18) 62. Rc7+ Ke8 63. Kd5 Re2 64. Rh7 Re1 65.
d7+ Kd8 66. Kd6 Rd1+ 67. Ke6 Kc7 68. Kxf6 Rd5 69. Rg7 $18) 59. d7 (59. e6 {
[%csl Rf7]} Rc3+ (59... Rc6 60. d7 Rxe6 61. d8=Q Kf7 {sieht nach einer
Remisfestung aus.} ({dagegen} 61... Re5 62. Qg8+ Kh6 63. Qf7 $18)) 60. Ke4 f5+
61. Kd4 $1 ({sogar} 61. gxf5+ $1 Kf6 62. d7 Ke7 63. f6+ Kd8 64. f7 Rc4+ 65. Kf5
Rf4+ 66. Kg6 $3 (66. Kxg5 Rf1 67. Kg6 Ke7 68. Kg7 Rg1+ $11) 66... g4 67. Kg7
Ke7 68. d8=Q+ Kxd8 69. f8=Q+ Rxf8 70. Kxf8 g3 71. e7+ Kc7 72. e8=Q $18) 61...
Rc1 (61... Kf6 62. d7 Ke7 63. Kxc3 f4 (63... fxg4 64. Kd3 $18) 64. Kd4 Kd8 65.
Kd5 Kc7 66. Ke5 f3 67. Kf6 f2 (67... Kd8 68. e7+ Kxd7 69. Kf7 $18) 68. Ke7 f1=Q
69. d8=Q+ Kc6 70. Qd6+ Kb5 71. Qd5+ $18 {[%csl Rg5]} (71. Kd7 $18 {[%cal Re6e7]
})) 62. d7 Re1 63. e7 Rxe7 64. d8=Q Re4+ 65. Kd5 Rxg4 66. Qg8+ Kh6 67. Ke5 $18)
59... Rd4 60. e6 {[%csl Rf7]} Kg7 61. e7 Rxd7 62. e8=Q Ra7 63. Ke4 Ra5 64. Qe7+
Kg6 65. Kd3 Rd5+ 66. Kc3 Re5 67. Qf8 Re4 68. Qg8+ Kh6 69. Qf7 Rf4 70. Kd3 $18 {
Ich verweise in diesem Zusammenhang auch auf "SCHACH" 1/2002, Seite 12}) 58.
Ke3 Rd1 59. Rxc3 $18 {[%cal Rc3d3]} Re1+ 60. Kd4 f6 {Zu spät} 61. d7 fxe5+ 62.
Kc4 Re4+ 63. Kd5 Rd4+ 64. Ke6 {[%csl Gf5,Gf6,Gf7]} e4 65. Ke7 (65. Rc6 {
[%csl Rd4][%cal Re6e5]} Kg7 66. Rd6 $18) 65... Kg7 66. Re3 1-0